Travels in Arabia deserta /

محفوظ في:

المؤلف الرئيسي: Doughty, Charles Montagu, 1843-1926 (مؤلف)

التنسيق: كتاب

اللغة: English

منشور في: New York : Random House, 1936.

الطبعة: New and definitive edition

الموضوعات:

الوسوم: إضافة وسم

لا توجد وسوم, كن أول من يضع وسما على هذه التسجيلة!

رقم الطلب: DS207 .D73 1936

LEADER 01083cam a2200289 i 4500
001 ocm03110145
003 OCoLC
005 20240129131659.0
008 770713s1936 nyuabc 001 0 eng c
010 |a a 48000046  
019 |a 744568931 
043 |a ar----- 
050 4 |a DS207  |b .D73 1936 
100 1 |a Doughty, Charles Montagu,  |d 1843-1926,  |e author. 
245 1 0 |a Travels in Arabia deserta /  |c by Charles M. Doughty ; with an introduction by T.E. Lawrence. 
250 |a New and definitive edition 
264 1 |a New York :  |b Random House,  |c 1936. 
300 |a 2 volumes :  |b illustrations, portrait, folded color map (in pocket) ;  |c 24 cm 
336 |a text  |b txt  |2 rdacontent 
337 |a unmediated  |b n  |2 rdamedia 
338 |a volume  |b nc  |2 rdacarrier 
500 |a Includes index. 
600 1 0 |a Doughty, Charles Montagu,  |d 1843-1926  |x Travel  |z Arabian Peninsula. 
651 0 |a Arabian Peninsula  |x Description and travel. 
651 0 |a Arabian Peninsula  |x Social life and customs. 
700 1 |a Lawrence, T. E.  |q (Thomas Edward),  |d 1888-1935,  |e writer of introduction. 
999 |c 55698  |d 55698